000 00510nam a2200193Ia 4500
005 20250423101329.0
008 250422s9999 xx 000 0 und d
020 _a9780240804583
050 _aTR 257 .W55/
100 _aWildi, Ernst
245 4 _aThe medium format advantage
250 _a2nd ed.
260 _aNew York
260 _bFocal Press Taylor & Francis Group
260 _c2001
300 _a252 p
650 _aMedium format cameras. Photography--Handbooks, manuals, etc.
942 _cBK
999 _c35990
_d35990